China building for joint ventures. (Record no. 100991)

MARC details
000 -LEADER
fixed length control field 00796cam a2200277 4500
008 - FIXED-LENGTH DATA ELEMENTS--GENERAL INFORMATION
fixed length control field 000000n1998 000 0 eng u
020 ## - INTERNATIONAL STANDARD BOOK NUMBER
International Standard Book Number 9622094562
020 ## - INTERNATIONAL STANDARD BOOK NUMBER
International Standard Book Number 9622094791
035 ## - SYSTEM CONTROL NUMBER
System control number (Sirsi) u109804
050 ## - LIBRARY OF CONGRESS CALL NUMBER
Classification number 333.330951
100 ## - MAIN ENTRY--PERSONAL NAME
Personal name Walker, Anthony
245 ## - TITLE STATEMENT
Title China building for joint ventures.
250 ## - EDITION STATEMENT
Edition statement 2nd ed.
260 ## - PUBLICATION, DISTRIBUTION, ETC.
Place of publication, distribution, etc. Hong Kong
Name of publisher, distributor, etc. Hong Kong University Press
Date of publication, distribution, etc. 1998
300 ## - PHYSICAL DESCRIPTION
Extent xiv,199p.: ill. ; 26cm.
520 ## - SUMMARY, ETC.
Summary, etc. A study sponcered by Levett & Bailey Rider Hunt (Asia Pacific) and Gardiner & Theobald.
650 ## - SUBJECT ADDED ENTRY--TOPICAL TERM
Topical term or geographic name entry element ASIA PACIFIC
650 ## - SUBJECT ADDED ENTRY--TOPICAL TERM
Topical term or geographic name entry element BUILT ENVIRONMENT
650 ## - SUBJECT ADDED ENTRY--TOPICAL TERM
Topical term or geographic name entry element CHINA
650 ## - SUBJECT ADDED ENTRY--TOPICAL TERM
Topical term or geographic name entry element INVESTMENT
650 ## - SUBJECT ADDED ENTRY--TOPICAL TERM
Topical term or geographic name entry element CONSTRUCTION MARKET
690 ## - LOCAL SUBJECT ADDED ENTRY--TOPICAL TERM (OCLC, RLIN)
Topical term or geographic name as entry element BUILT ENVIRONMENT
700 ## - ADDED ENTRY--PERSONAL NAME
Personal name Levett, Denis
700 ## - ADDED ENTRY--PERSONAL NAME
Personal name Flanagan, Roger
942 ## - ADDED ENTRY ELEMENTS (KOHA)
Suppress in OPAC 0
Holdings
Withdrawn status Lost status Source of classification or shelving scheme Damaged status Not for loan Home library Current library Shelving location Date acquired Total Checkouts Full call number Barcode Date last seen Date last checked out Copy number Price effective from Koha item type
    Dewey Decimal Classification     London London Books 25/07/2001 2 333.330951 WAL 30064659 06/08/2019 19/12/2002 3 06/08/2019 Book